000 00512nam a2200181Ia 4500
001 19230
005 20260306171729.0
008 260306s9999||||xx |||||||||||||| ||und||
041 _aESP
082 _a658.81
_bB81M
100 _aBraidot, Néstor
_eAUT
245 0 _aManual práctico de neuroventas:
_bejercicios, situaciones y actividades lúcidas para ponerse a prueba en las ventas
260 _c2017
300 _a154 páginas :
_c23 cm.
650 _aGEN
654 _aCAN
942 _cLIB
_dJUS
_fJUS
_2ddc
_n
999 _c19230
_d19230